000 01043nas1a22002411i 4500
001 RU\NLR\INFOCOMM7\5000007973
005 20240723102218.0
035 _a(NLR Aleph) 002348077
090 _a4503737
_c4503737
100 _a20041115c1870 |||y0rusy50 ca
101 0 _arus
102 _aRU
110 _aayuzz 0|y|
200 1 _aСобрание клинических лекций, издаваемых профессором Рихардом Фолькманом при содействии германских клиницистов
210 _aСПб.
_cд-ра мед. Н.Афанасьев, А.Марсикани
_d1870-1877
300 _aС №1/2 1973 года: 2-я серия
801 1 _aRU
_bInfoComm
_c20041115
801 0 _aRU
_bNLR
_gPSBO
852 _aNLR
_j2/1456
942 _cJOURNAL
980 _aRUSPER